000
00291nam a22001217a 4500
020
_a
81-7029-103-8
082
_a
005.133-TP HER'M
100
_a
HERGERT, DOUGLAS
_9
61084
245
_a
MASTERING TURBO PASCAL 5
260
_a
NEW DELHI
_b
BPB PUBLICATIONS
_c
1989
300
_a
595P
942
_c
BK
999
_c
570642
_d
570642